[Event "43. Olimpiada Batumi 2018 Femenina"]
[Site "Batumi GEO"]
[Date "2018.10.04"]
[Round "10.1"]
[White "Francis, Onkemetse"]
[Black "Johnson, Gabriella"]
[Result "0-1"]
[WhiteElo "1779"]
[BlackElo "1840"]
[PlyCount "90"]
[EventDate "2018.09.24"]
[EventType "team-swiss"]
[EventRounds "11"]
[EventCountry "GEO"]
[SourceTitle "Ajedrez en Madrid"]
[Source "lmi"]
[SourceDate "2018.09.24"]
[WhiteTeam "Botswana"]
[BlackTeam "Trinidad & Tobago"]
[WhiteTeamCountry "BOT"]

1. e4 c5 2. Nc3 d6 3. g3 Nc6 4. Bg2 g6 5. d3 Bg7 6. Be3 e6 7. Qd2 Rb8 8. Nge2
Nd4 9. Nd1 Ne7 10. O-O O-O 11. c3 Nxe2+ 12. Qxe2 b6 13. Qd2 Ba6 14. Re1 d5 15.
d4 cxd4 16. Bxd4 dxe4 17. Bxe4 Bxd4 18. cxd4 Qd6 19. Nc3 Rfd8 20. Rad1 Rbc8 21.
Bg2 Nf5 22. d5 Bc4 23. Qg5 Qb4 24. dxe6 Rxd1 25. exf7+ Bxf7 26. Rxd1 Qxb2 27.
Ne4 h6 28. Qf4 Kg7 29. h4 Be6 30. Nd6 Nxd6 31. Qxd6 Qf6 32. Re1 Bf7 33. Qd2 Rc5
34. Qd7 Rc2 35. Rf1 Rxa2 36. Qc7 Qd4 37. Bc6 Rc2 38. Qb7 Qd6 39. Be4 Qc7 40.
Qa8 Rc1 41. Rxc1 Qxc1+ 42. Kg2 a5 43. Qb7 Qc5 44. Qc6 Qxc6 45. Bxc6 Bb3 0-1

[Event "43. Olimpiada Batumi 2018 Femenina"]
[Site "Batumi GEO"]
[Date "2018.10.04"]
[Round "10.3"]
[White "Besa, Masaiti"]
[Black "Yearwood, Shannon"]
[Result "1-0"]
[WhiteElo "1777"]
[BlackElo "1608"]
[PlyCount "117"]
[EventDate "2018.09.24"]
[EventType "team-swiss"]
[EventRounds "11"]
[EventCountry "GEO"]
[SourceTitle "Ajedrez en Madrid"]
[Source "lmi"]
[SourceDate "2018.09.24"]
[WhiteTeam "Botswana"]
[BlackTeam "Trinidad & Tobago"]
[WhiteTeamCountry "BOT"]

1. d4 f5 2. Nf3 Nf6 3. Bf4 g6 4. e3 Bg7 5. h3 O-O 6. Bd3 d6 7. c4 Qe8 8. Nc3
Nh5 9. Bh2 e5 10. dxe5 dxe5 11. Be2 c6 12. O-O Nd7 13. Qc2 f4 14. exf4 Nxf4 15.
Ne4 Qe7 16. Rad1 Nc5 17. Nxc5 Qxc5 18. Bxf4 exf4 19. b3 Bf5 20. Bd3 Rae8 21.
Rfe1 Bxd3 22. Qxd3 Qb6 23. Rxe8 Rxe8 24. Qd7 Re2 25. Qd8+ Qxd8 26. Rxd8+ Bf8
27. Rd2 Rxd2 28. Nxd2 Kf7 29. Kf1 Ke6 30. Ke2 Be7 31. Kd3 c5 32. Ke4 g5 33. Nb1
Bf6 34. Nd2 h6 35. Nf3 Bb2 36. h4 g4 37. Ne1 g3 38. f3 Bc1 39. Nd3 Be3 40.
Nxf4+ Bxf4 41. Kxf4 Kf6 42. Kxg3 Kf5 43. Kf2 h5 44. Ke3 a6 45. a3 b5 46. a4 b4
47. a5 Ke5 48. g4 hxg4 49. fxg4 Kf6 50. Kf4 Kg6 51. g5 Kg7 52. Kf5 Kf7 53. h5
Kg7 54. h6+ Kf7 55. g6+ Kg8 56. Kf6 Kh8 57. g7+ Kg8 58. h7+ Kxh7 59. Kf7 1-0

[Event "43. Olimpiada Batumi 2018 Femenina"]
[Site "Batumi GEO"]
[Date "2018.10.04"]
[Round "10.4"]
[White "James, Shemilah"]
[Black "Radikoro, Boitumelo"]
[Result "1/2-1/2"]
[WhiteElo "1535"]
[BlackElo "1593"]
[PlyCount "63"]
[EventDate "2018.09.24"]
[EventType "team-swiss"]
[EventRounds "11"]
[EventCountry "GEO"]
[SourceTitle "Ajedrez en Madrid"]
[Source "lmi"]
[SourceDate "2018.09.24"]
[WhiteTeam "Trinidad & Tobago"]
[BlackTeam "Botswana"]
[BlackTeamCountry "BOT"]

1. e4 c6 2. d4 d5 3. exd5 cxd5 4. Bd3 Nc6 5. c3 Nf6 6. Bf4 Bg4 7. Qb3 Qb6 8.
Nd2 e6 9. Ngf3 Rc8 10. O-O Be7 11. Ne5 Bh5 12. Ndf3 Nd7 13. Nxd7 Kxd7 14. Ne5+
Nxe5 15. Bxe5 Rcg8 16. Bg3 Bg6 17. Qxb6 axb6 18. Rad1 Bxd3 19. Rxd3 h5 20. f4
h4 21. Be1 Ra8 22. a3 f5 23. Re3 Bd6 24. Rh3 Be7 25. Bf2 b5 26. Re1 Bf6 27.
Rhe3 Rae8 28. Rh3 Reg8 29. Rhe3 Re8 30. Rh3 Reg8 31. Rhe3 Re8 32. Rh3 1/2-1/2

[Event "43. Olimpiada Batumi 2018 Femenina"]
[Site "Batumi GEO"]
[Date "2018.10.04"]
[Round "10.1"]
[White "Marzouk, Amira"]
[Black "Ortez, Andrea"]
[Result "1/2-1/2"]
[WhiteElo "1745"]
[BlackElo "1772"]
[PlyCount "94"]
[EventDate "2018.09.24"]
[EventType "team-swiss"]
[EventRounds "11"]
[EventCountry "GEO"]
[SourceTitle "Ajedrez en Madrid"]
[Source "lmi"]
[SourceDate "2018.09.24"]
[WhiteTeam "Tunisia"]
[BlackTeam "El Salvador"]
[WhiteTeamCountry "TUN"]
[BlackTeamCountry "ESA"]

1. d4 d5 2. Bf4 Nf6 3. e3 c5 4. c3 e6 5. Nf3 Nc6 6. Nbd2 Bd6 7. Bg3 O-O 8. Bd3
b6 9. Ne5 Bb7 10. O-O Ne7 11. Qb1 g6 12. h3 Nf5 13. Bh2 Be7 14. Re1 Kg7 15. Qd1
Nd6 16. f3 Rc8 17. Qe2 Nd7 18. Ba6 Bxa6 19. Qxa6 f6 20. Nd3 Rf7 21. Nf2 e5 22.
dxe5 Nxe5 23. Ng4 Nxg4 24. hxg4 f5 25. gxf5 Nxf5 26. e4 dxe4 27. Nxe4 Qf8 28.
Rad1 Rd8 29. Nf2 Bh4 30. Rd3 Rfd7 31. Red1 Qe7 32. Ne4 Bf6 33. Kf1 h5 34. Rxd7
Rxd7 35. Rxd7 Qxd7 36. Nxf6 Kxf6 37. Qe2 h4 38. Kf2 Qd5 39. b3 Kf7 40. Bb8 Qd7
41. Bf4 Qd8 42. Qd2 Qe7 43. Qd5+ Kf6 44. Qd2 Kf7 45. Qd5+ Kf6 46. Qd2 Kf7 47.
Qd5+ Kf6 1/2-1/2

[Event "43. Olimpiada Batumi 2018 Femenina"]
[Site "Batumi GEO"]
[Date "2018.10.04"]
[Round "10.2"]
[White "Hernandez, Bera"]
[Black "Miladi, Amen"]
[Result "1-0"]
[WhiteElo "1778"]
[BlackElo "1702"]
[PlyCount "120"]
[EventDate "2018.09.24"]
[EventType "team-swiss"]
[EventRounds "11"]
[EventCountry "GEO"]
[SourceTitle "Ajedrez en Madrid"]
[Source "lmi"]
[SourceDate "2018.09.24"]
[WhiteTeam "El Salvador"]
[BlackTeam "Tunisia"]
[WhiteTeamCountry "ESA"]
[BlackTeamCountry "TUN"]

1. d4 Nf6 2. Bf4 g6 3. Nc3 Bg7 4. e4 d6 5. Nf3 Nbd7 6. Qd2 O-O 7. Bh6 e5 8.
dxe5 Nxe5 9. Nd4 Re8 10. Bxg7 Kxg7 11. O-O-O a6 12. f4 Ned7 13. e5 dxe5 14.
fxe5 Nxe5 15. Qf4 Qe7 16. Be2 c5 17. Nb3 b5 18. Rhe1 Bb7 19. g4 Qc7 20. Kb1 c4
21. Nd4 b4 22. g5 Nfd7 23. Na4 Rad8 24. h4 Qa5 25. b3 c3 26. h5 gxh5 27. Nf5+
Kh8 28. Bxh5 Ng6 29. Rxe8+ Rxe8 30. Bxg6 fxg6 31. Nd6 Qd5 32. Qc1 Re1 33. Rxe1
Qxd6 34. Qe3 Kg8 35. Qe7 Qxe7 36. Rxe7 Bc6 37. Kc1 Bb5 38. Kd1 Nb8 39. Nc5 Nc6
40. Rc7 Ne5 41. Ne4 Nd7 42. Rxd7 Bxd7 43. Nf6+ Kf7 44. Nxd7 a5 45. Nc5 Ke7 46.
Ke2 Kd6 47. Nd3 Ke6 48. Ne1 Kf5 49. Nf3 Kf4 50. Kf2 Kg4 51. Ke3 Kf5 52. Kf2 Kf4
53. Nd4 Kxg5 54. Nc6 Kf4 55. Nxa5 g5 56. Nc6 g4 57. Nxb4 g3+ 58. Kg2 h5 59.
Nd5+ Kg4 60. Nf6+ Kg5 1-0

[Event "43. Olimpiada Batumi 2018 Femenina"]
[Site "Batumi GEO"]
[Date "2018.10.04"]
[Round "10.3"]
[White "Meddeb, Chadha"]
[Black "Santos, Judith"]
[Result "0-1"]
[WhiteElo "1619"]
[BlackElo "1702"]
[PlyCount "108"]
[EventDate "2018.09.24"]
[EventType "team-swiss"]
[EventRounds "11"]
[EventCountry "GEO"]
[SourceTitle "Ajedrez en Madrid"]
[Source "lmi"]
[SourceDate "2018.09.24"]
[WhiteTeam "Tunisia"]
[BlackTeam "El Salvador"]
[WhiteTeamCountry "TUN"]
[BlackTeamCountry "ESA"]

1. e4 c5 2. Nf3 e6 3. d4 cxd4 4. Nxd4 Nf6 5. Bd3 d6 6. c3 Be7 7. Be3 a6 8. Nd2
Qc7 9. h3 Nbd7 10. Qc2 b6 11. Be2 Bb7 12. f4 Rc8 13. O-O O-O 14. Rae1 Rfe8 15.
Bf3 b5 16. a3 Nb6 17. e5 Nfd5 18. Be4 h6 19. Bh7+ Kh8 20. Bd3 Nxe3 21. Rxe3
dxe5 22. fxe5 Bg5 23. Re2 Nd5 24. Rfe1 Nf4 25. Rf2 Bh4 26. Rxf4 Bxe1 27. Rf1
Qxe5 28. N2f3 Qe3+ 29. Kh1 Bg3 30. Qd1 Rcd8 31. Qe2 Qxe2 32. Bxe2 Kg8 33. Bd1
Bd5 34. Ng1 Bc7 35. Bh5 g6 36. Bf3 e5 37. Bxd5 Rxd5 38. Re1 Kf8 39. Nc6 Rc5 40.
Nb4 a5 41. Nc2 Rd5 42. Nf3 Red8 43. Ne3 R5d7 44. Kg1 Kg7 45. Kf1 f5 46. Ke2 Kf6
47. Rc1 Bb6 48. Nc2 h5 49. h4 Rd3 50. Rf1 e4 51. Nfd4 Bxd4 52. Nxd4 R3xd4 53.
cxd4 Rxd4 54. Rc1 Rc4 0-1

[Event "43. Olimpiada Batumi 2018 Femenina"]
[Site "Batumi GEO"]
[Date "2018.10.04"]
[Round "10.4"]
[White "Zavala Galindo, Alejandra Beatri"]
[Black "Hilali, Wissal"]
[Result "1-0"]
[WhiteElo "1713"]
[BlackElo "1419"]
[PlyCount "61"]
[EventDate "2018.09.24"]
[EventType "team-swiss"]
[EventRounds "11"]
[EventCountry "GEO"]
[SourceTitle "Ajedrez en Madrid"]
[Source "lmi"]
[SourceDate "2018.09.24"]
[WhiteTeam "El Salvador"]
[BlackTeam "Tunisia"]
[WhiteTeamCountry "ESA"]
[BlackTeamCountry "TUN"]

1. e4 c5 2. Nf3 Nc6 3. Bb5 g6 4. c3 Bg7 5. O-O Nf6 6. Re1 O-O 7. d4 cxd4 8.
cxd4 a6 9. Bd3 e6 10. Nc3 Ne8 11. Bg5 Qb6 12. Na4 Qa5 13. Bd2 Qd8 14. d5 Ne7
15. Qb3 b5 16. Nc3 Bb7 17. a4 exd5 18. axb5 dxe4 19. Nxe4 axb5 20. Qxb5 Bc6 21.
Rxa8 Qxa8 22. Qc5 Nf5 23. b4 d6 24. Qc2 Nc7 25. Bc3 Bxc3 26. Qxc3 Re8 27. Nf6+
Kf8 28. Nxh7+ Kg8 29. Nf6+ Kf8 30. Nxe8 Nxe8 31. Qh8# 1-0

[Event "43. Olimpiada Batumi 2018 Femenina"]
[Site "Batumi GEO"]
[Date "2018.10.04"]
[Round "10.1"]
[White "Charinda, Kudzanayi"]
[Black "Shih, Ching-An"]
[Result "1/2-1/2"]
[WhiteElo "1718"]
[BlackElo "1546"]
[PlyCount "82"]
[EventDate "2018.09.24"]
[EventType "team-swiss"]
[EventRounds "11"]
[EventCountry "GEO"]
[SourceTitle "Ajedrez en Madrid"]
[Source "lmi"]
[SourceDate "2018.09.24"]
[WhiteTeam "Zimbabwe"]
[BlackTeam "Chinese Taipei"]
[WhiteTeamCountry "ZIM"]

1. c4 e6 2. Nc3 Nf6 3. g3 c6 4. Bg2 d5 5. cxd5 cxd5 6. d3 Nc6 7. e3 Be7 8. Nge2
O-O 9. O-O a6 10. a3 Qc7 11. b4 Bd7 12. Bb2 Rac8 13. Rc1 Qb8 14. Na4 Rfd8 15.
Nb6 Rc7 16. Nxd7 Rcxd7 17. f4 Qa7 18. Nd4 Rc8 19. Qe2 Rdc7 20. f5 Nxd4 21. Bxd4
b6 22. Rxc7 Rxc7 23. fxe6 fxe6 24. Bh3 Rc6 25. Qb2 Qc7 26. Be5 Qc8 27. Qd4 Qd8
28. Qf4 Qe8 29. Qd4 Qh5 30. Bxf6 Bxf6 31. Qf4 Qe5 32. a4 b5 33. axb5 axb5 34.
Qxe5 Bxe5 35. d4 Bf6 36. Ra1 Be7 37. Ra8+ Kf7 38. Rb8 Bxb4 39. Rxb5 Bd2 40. Rb3
Rc3 41. Rxc3 Bxc3 1/2-1/2

[Event "43. Olimpiada Batumi 2018 Femenina"]
[Site "Batumi GEO"]
[Date "2018.10.04"]
[Round "10.2"]
[White "Wong, Linda Jane"]
[Black "Makwena, Christine"]
[Result "0-1"]
[WhiteElo "1378"]
[BlackElo "1626"]
[PlyCount "90"]
[EventDate "2018.09.24"]
[EventType "team-swiss"]
[EventRounds "11"]
[EventCountry "GEO"]
[SourceTitle "Ajedrez en Madrid"]
[Source "lmi"]
[SourceDate "2018.09.24"]
[WhiteTeam "Chinese Taipei"]
[BlackTeam "Zimbabwe"]
[BlackTeamCountry "ZIM"]

1. e4 e6 2. d4 d5 3. Nc3 Bb4 4. Bd3 c5 5. exd5 Qxd5 6. dxc5 Qxg2 7. Qf3 Qxf3 8.
Nxf3 Bxc5 9. Ne4 Be7 10. Bf4 Nd7 11. Nd6+ Bxd6 12. Bxd6 f6 13. O-O-O Kf7 14.
Bc4 Nb6 15. Bb3 Nh6 16. Rhe1 Nf5 17. Bc7 Nd5 18. Bxd5 exd5 19. Rxd5 Be6 20. Rd2
Rhe8 21. Red1 Rac8 22. Ba5 b6 23. Bc3 Rc7 24. Rd8 Rxd8 25. Rxd8 Bxa2 26. Be5
fxe5 27. Nxe5+ Ke7 28. Ra8 Bd5 29. Rh8 h6 30. Ng6+ Kf6 31. Nf4 Be4 32. c3 Rf7
33. Nh5+ Kg5 34. Ng3 Nxg3 35. hxg3 Rxf2 36. Rg8 Rf7 37. Re8 Bg6 38. Re5+ Kf6
39. Re1 Kf5 40. Rf1+ Kg4 41. Re1 Rd7 42. b4 Bf7 43. Re3 b5 44. Kb2 Bc4 45. Kc1
Kh3 0-1

[Event "43. Olimpiada Batumi 2018 Femenina"]
[Site "Batumi GEO"]
[Date "2018.10.04"]
[Round "10.3"]
[White "Zengeni, Paidaishe"]
[Black "Wang, Mi"]
[Result "1-0"]
[WhiteElo "1528"]
[BlackElo "1585"]
[PlyCount "83"]
[EventDate "2018.09.24"]
[EventType "team-swiss"]
[EventRounds "11"]
[EventCountry "GEO"]
[SourceTitle "Ajedrez en Madrid"]
[Source "lmi"]
[SourceDate "2018.09.24"]
[WhiteTeam "Zimbabwe"]
[BlackTeam "Chinese Taipei"]
[WhiteTeamCountry "ZIM"]

1. e4 c5 2. Nf3 d6 3. d4 cxd4 4. Nxd4 Nf6 5. Nc3 a6 6. Be2 e6 7. Bg5 Be7 8. O-O
O-O 9. Bf3 Nbd7 10. g3 h6 11. Bxf6 Nxf6 12. Re1 Qc7 13. Qd2 e5 14. Nf5 Bxf5 15.
exf5 Qd7 16. Nd5 Rab8 17. Rxe5 Nxd5 18. Rxd5 Rfd8 19. Rd1 Rdc8 20. c3 Qa4 21.
a3 Bf8 22. Rd4 Qd7 23. f6 gxf6 24. Rg4+ Kh8 25. Qf4 Qe7 26. Be4 Qe5 27. Qf3 b6
28. Rd5 Qe6 29. Rh5 Rc5 30. Bd5 Qe7 31. Qf4 Kh7 32. Be4+ f5 33. Bxf5+ Rxf5 34.
Qxf5+ Kh8 35. Qf4 Qe6 36. Qd4+ f6 37. Rg6 Bg7 38. Qh4 Kg8 39. Rhxh6 Kf7 40.
Rxg7+ Kxg7 41. Rh7+ Kg6 42. Qh5# 1-0

[Event "43. Olimpiada Batumi 2018 Femenina"]
[Site "Batumi GEO"]
[Date "2018.10.04"]
[Round "10.4"]
[White "Cho, Hung-Ling"]
[Black "Nomalungelo, Mathe"]
[Result "1/2-1/2"]
[WhiteElo "1575"]
[BlackElo "1577"]
[PlyCount "76"]
[EventDate "2018.09.24"]
[EventType "team-swiss"]
[EventRounds "11"]
[EventCountry "GEO"]
[SourceTitle "Ajedrez en Madrid"]
[Source "lmi"]
[SourceDate "2018.09.24"]
[WhiteTeam "Chinese Taipei"]
[BlackTeam "Zimbabwe"]
[BlackTeamCountry "ZIM"]

1. f4 e6 2. Nf3 d5 3. e3 Nf6 4. b3 Be7 5. Bb2 Bd7 6. Be2 c5 7. d3 Nc6 8. Ne5
Qc7 9. Nd2 a6 10. O-O Rc8 11. Qe1 O-O 12. Rf3 d4 13. Nxc6 Bxc6 14. e4 b5 15.
Rf1 Rfd8 16. a3 a5 17. e5 Nd5 18. Rc1 Ne3 19. Rf2 b4 20. a4 Bh4 21. g3 Be7 22.
Nf1 Nd5 23. Bf3 Nc3 24. Bxc6 Qxc6 25. Nd2 Nd5 26. Nc4 Qc7 27. Qe2 Bf8 28. Re1
g6 29. Bc1 Nb6 30. Nxb6 Qxb6 31. Bd2 Qc6 32. Qf3 Qxf3 33. Rxf3 Bg7 34. Kg2 Rd5
35. Bc1 h5 36. h4 Kf8 37. Bb2 Ke7 38. Bc1 Rc6 1/2-1/2

[Event "43. Olimpiada Batumi 2018 Femenina"]
[Site "Batumi GEO"]
[Date "2018.10.04"]
[Round "10.1"]
[White "Nabaa, Sami Abbas Al-Attra"]
[Black "Lieketseng, Ngatane"]
[Result "1-0"]
[WhiteElo "1831"]
[BlackElo "1518"]
[PlyCount "107"]
[EventDate "2018.09.24"]
[EventType "team-swiss"]
[EventRounds "11"]
[EventCountry "GEO"]
[SourceTitle "Ajedrez en Madrid"]
[Source "lmi"]
[SourceDate "2018.09.24"]
[WhiteTeam "Iraq"]
[BlackTeam "Lesotho"]
[WhiteTeamCountry "IRQ"]
[BlackTeamCountry "LES"]

1. d4 d5 2. Nf3 e6 3. e3 Nf6 4. c4 c5 5. Nc3 cxd4 6. Nxd4 Be7 7. Be2 O-O 8. O-O
Nc6 9. Bf3 Nxd4 10. Qxd4 dxc4 11. Qxc4 Rb8 12. b3 Bd7 13. Bb2 Qa5 14. Rfd1 Rbc8
15. Qe2 Rxc3 16. Bxc3 Qxc3 17. Bxb7 Qb4 18. Bf3 Qb6 19. Qb2 a5 20. Rac1 a4 21.
g3 axb3 22. axb3 Rb8 23. Qe5 Bb5 24. Qc7 Qxc7 25. Rxc7 Kf8 26. Ra1 Ne8 27. Rb7
Rxb7 28. Bxb7 g5 29. Ba6 Bc6 30. Be2 f5 31. Rc1 Bd5 32. Rc8 Kf7 33. Bh5+ Kf6
34. Bxe8 Bxb3 35. Rc3 Bd5 36. Bc6 Bxc6 37. Rxc6 g4 38. Kg2 h5 39. h3 Ke5 40.
Rc7 Kf6 41. f3 Bd6 42. Rc4 Ke5 43. hxg4 hxg4 44. fxg4 fxg4 45. Rxg4 Kf5 46. Ra4
e5 47. g4+ Kg5 48. Kf3 Be7 49. Ke4 Bf6 50. Ra6 Bh8 51. Ra8 Bf6 52. Rg8+ Kh6 53.
Kf5 Bg7 54. Rxg7 1-0

[Event "43. Olimpiada Batumi 2018 Femenina"]
[Site "Batumi GEO"]
[Date "2018.10.04"]
[Round "10.2"]
[White "Malillo, Phera"]
[Black "A-Ali, Sali Abbas Abdulzah"]
[Result "0-1"]
[WhiteElo "1350"]
[BlackElo "1848"]
[PlyCount "74"]
[EventDate "2018.09.24"]
[EventType "team-swiss"]
[EventRounds "11"]
[EventCountry "GEO"]
[SourceTitle "Ajedrez en Madrid"]
[Source "lmi"]
[SourceDate "2018.09.24"]
[WhiteTeam "Lesotho"]
[BlackTeam "Iraq"]
[WhiteTeamCountry "LES"]
[BlackTeamCountry "IRQ"]

1. e4 e6 2. d4 d5 3. Nc3 dxe4 4. Nxe4 Bd7 5. Nf3 Bc6 6. Nc3 Nf6 7. Be2 Nbd7 8.
Bf4 Nd5 9. Nxd5 Bxd5 10. c4 Be4 11. O-O c6 12. Re1 Nb6 13. Rc1 Be7 14. Qd2 O-O
15. Red1 h6 16. Qe3 Bh7 17. Nd2 Nd7 18. c5 Nf6 19. Bf3 Nd5 20. Bxd5 Qxd5 21. a3
Rfd8 22. Nc4 Bxc5 23. Qg3 Qh5 24. Be3 Be7 25. Qc7 b5 26. Qxe7 bxc4 27. Qc5 Qxc5
28. dxc5 Bd3 29. f3 a5 30. Rc3 a4 31. Bf4 Rd5 32. Kf2 e5 33. Be3 f5 34. Kg1 e4
35. f4 Rf8 36. g3 Kf7 37. Bd4 Rxd4 0-1

[Event "43. Olimpiada Batumi 2018 Femenina"]
[Site "Batumi GEO"]
[Date "2018.10.04"]
[Round "10.3"]
[White "Al-Fayyadh, Yamama Asif Abdula"]
[Black "McPherson, Naleli"]
[Result "1-0"]
[WhiteElo "1604"]
[BlackElo "1267"]
[PlyCount "45"]
[EventDate "2018.09.24"]
[EventType "team-swiss"]
[EventRounds "11"]
[EventCountry "GEO"]
[SourceTitle "Ajedrez en Madrid"]
[Source "lmi"]
[SourceDate "2018.09.24"]
[WhiteTeam "Iraq"]
[BlackTeam "Lesotho"]
[WhiteTeamCountry "IRQ"]
[BlackTeamCountry "LES"]

1. e4 c6 2. d4 d5 3. exd5 cxd5 4. Bd3 e6 5. Nf3 Nf6 6. O-O Bd6 7. Re1 O-O 8. c3
b6 9. Ne5 Nbd7 10. Nd2 Bb7 11. f4 Re8 12. Ndf3 Bc7 13. Ng5 Rf8 14. Qf3 h6 15.
Nh3 Nh7 16. f5 Nxe5 17. dxe5 exf5 18. Qxf5 g6 19. Qf4 h5 20. Qh6 Qh4 21. Bg5
Qg4 22. Bf6 Nxf6 23. exf6 1-0

[Event "43. Olimpiada Batumi 2018 Femenina"]
[Site "Batumi GEO"]
[Date "2018.10.04"]
[Round "10.4"]
[White "Leboela, Maboloko"]
[Black "Saba, Jamal Mohammed Abo "]
[Result "0-1"]
[WhiteElo "1306"]
[BlackElo "1515"]
[PlyCount "86"]
[EventDate "2018.09.24"]
[EventType "team-swiss"]
[EventRounds "11"]
[EventCountry "GEO"]
[SourceTitle "Ajedrez en Madrid"]
[Source "lmi"]
[SourceDate "2018.09.24"]
[WhiteTeam "Lesotho"]
[BlackTeam "Iraq"]
[WhiteTeamCountry "LES"]
[BlackTeamCountry "IRQ"]

1. d4 Nf6 2. c4 g6 3. Nc3 Bg7 4. e4 d6 5. Nf3 O-O 6. Bd3 c5 7. d5 e5 8. O-O Nh5
9. Ne1 Nf4 10. Bc2 Nd7 11. Qf3 g5 12. Nd3 Nf6 13. g3 Nh3+ 14. Kh1 Bg4 15. Qe3
Qd7 16. Kg2 Bh5 17. f3 g4 18. Bd1 gxf3+ 19. Bxf3 Bg6 20. Qe2 h6 21. g4 Ng5 22.
h4 Ngh7 23. h5 Bxh5 24. gxh5 Ng5 25. Bxg5 hxg5 26. Rg1 g4 27. Bxg4 Nxg4 28. Kf1
Nh6 29. Qg2 f5 30. Qg6 fxe4+ 31. Nf2 Qh3+ 32. Ke2 Qf3+ 33. Kd2 Qxf2+ 34. Kc1
Qf6 35. Nxe4 Qxg6 36. Rxg6 Rf1+ 37. Kc2 Rxa1 38. Nxd6 Rxa2 39. Nxb7 Rb8 40.
Nxc5 Raxb2+ 41. Kd3 Rh2 42. Ne6 Rb3+ 43. Ke4 Rh4+ 0-1

[Event "43. Olimpiada Batumi 2018 Femenina"]
[Site "Batumi GEO"]
[Date "2018.10.04"]
[Round "10.1"]
[White "Figueroa, Any"]
[Black "Mission, Baby Edna"]
[Result "1-0"]
[WhiteElo "1739"]
[BlackElo "1475"]
[PlyCount "91"]
[EventDate "2018.09.24"]
[EventType "team-swiss"]
[EventRounds "11"]
[EventCountry "GEO"]
[SourceTitle "Ajedrez en Madrid"]
[Source "lmi"]
[SourceDate "2018.09.24"]
[WhiteTeam "Honduras"]
[BlackTeam "Palau"]
[WhiteTeamCountry "HON"]
[BlackTeamCountry "PAL"]

1. d4 d6 2. Nf3 Nf6 3. g3 Nc6 4. Bg2 g6 5. O-O Bg7 6. c4 e6 7. Bg5 Ne7 8. Nc3
O-O 9. Qc1 Qd7 10. Rd1 c6 11. Bh6 Nf5 12. Bxg7 Kxg7 13. e4 Nh6 14. e5 Ne8 15.
Ne4 Qe7 16. Qc3 f5 17. exf6+ Nxf6 18. Neg5 b6 19. Re1 d5 20. cxd5 Nxd5 21. Qxc6
Nc7 22. Rac1 Rb8 23. Qxc7 Qxc7 24. Rxc7+ Kg8 25. Nxh7 Rf7 26. Rxf7 Nxf7 27.
Nf6+ Kf8 28. Bh3 Kg7 29. Ne8+ Kf8 30. Nc7 Kg8 31. Bxe6 Bxe6 32. Rxe6 Kf8 33.
Rxg6 Ke7 34. Nd5+ Kf8 35. h4 Rd8 36. Nf6 Ke7 37. h5 Nh8 38. Rg8 Rxg8 39. Nxg8+
Kf7 40. Nh6+ Kg7 41. Nf5+ Kf6 42. g4 Kf7 43. Ne5+ Kf6 44. f4 Ke6 45. Kf2 Kf6
46. d5 1-0

[Event "43. Olimpiada Batumi 2018 Femenina"]
[Site "Batumi GEO"]
[Date "2018.10.04"]
[Round "10.2"]
[White "Sisior, Angelil"]
[Black "Cruz, Bitia"]
[Result "0-1"]
[WhiteElo "1476"]
[BlackElo "1702"]
[PlyCount "44"]
[EventDate "2018.09.24"]
[EventType "team-swiss"]
[EventRounds "11"]
[EventCountry "GEO"]
[SourceTitle "Ajedrez en Madrid"]
[Source "lmi"]
[SourceDate "2018.09.24"]
[WhiteTeam "Palau"]
[BlackTeam "Honduras"]
[WhiteTeamCountry "PAL"]
[BlackTeamCountry "HON"]

1. e4 e5 2. Nf3 Nf6 3. Nc3 Nc6 4. Bc4 Nxe4 5. Bxf7+ Kxf7 6. Nxe4 d5 7. Neg5+
Kg8 8. d3 h6 9. Nh3 Qf6 10. Nfg1 Be6 11. Qf3 Qg6 12. Ne2 Bd6 13. Qg3 Qf7 14.
O-O Rf8 15. a3 Ne7 16. Bd2 Qh5 17. f4 Qxe2 18. Rf2 Bc5 19. Bc3 Bxf2+ 20. Nxf2
Nf5 21. Qh3 Qe3 22. Qg4 Qxf4 0-1

[Event "43. Olimpiada Batumi 2018 Femenina"]
[Site "Batumi GEO"]
[Date "2018.10.04"]
[Round "10.3"]
[White "Garcia, Marcella"]
[Black "Parrado, Angelica"]
[Result "1-0"]
[WhiteElo "1755"]
[BlackElo "1559"]
[PlyCount "67"]
[EventDate "2018.09.24"]
[EventType "team-swiss"]
[EventRounds "11"]
[EventCountry "GEO"]
[SourceTitle "Ajedrez en Madrid"]
[Source "lmi"]
[SourceDate "2018.09.24"]
[WhiteTeam "Honduras"]
[BlackTeam "Palau"]
[WhiteTeamCountry "HON"]
[BlackTeamCountry "PAL"]

1. e4 c5 2. Nf3 g6 3. d4 cxd4 4. Nxd4 Bg7 5. Nc3 Nh6 6. Be3 Ng4 7. Qxg4 d5 8.
Qd1 dxe4 9. Nxe4 O-O 10. Be2 Qa5+ 11. c3 Rd8 12. O-O Nc6 13. Nxc6 bxc6 14. Qc1
Bb7 15. Nc5 Bc8 16. Bf3 Qc7 17. Rd1 Re8 18. Qc2 Be5 19. g3 h5 20. h4 Bh3 21.
Kh2 Bg4 22. Bxg4 hxg4 23. Bd4 Bg7 24. Bxg7 Kxg7 25. Qe2 Qc8 26. Rd7 f5 27.
Rxe7+ Rxe7 28. Qxe7+ Kh6 29. Rd1 Qe8 30. Qg5+ Kh7 31. Rd7+ Qxd7 32. Nxd7 a5 33.
h5 gxh5 34. Nf6+ 1-0

[Event "43. Olimpiada Batumi 2018 Femenina"]
[Site "Batumi GEO"]
[Date "2018.10.04"]
[Round "10.4"]
[White "Magno, Angelica"]
[Black "Garcia, Andrea Nicole"]
[Result "0-1"]
[WhiteElo "1105"]
[BlackElo "1698"]
[PlyCount "108"]
[EventDate "2018.09.24"]
[EventType "team-swiss"]
[EventRounds "11"]
[EventCountry "GEO"]
[SourceTitle "Ajedrez en Madrid"]
[Source "lmi"]
[SourceDate "2018.09.24"]
[WhiteTeam "Palau"]
[BlackTeam "Honduras"]
[WhiteTeamCountry "PAL"]
[BlackTeamCountry "HON"]

1. e4 e5 2. Nc3 Nf6 3. Nf3 Nc6 4. Bc4 Be7 5. O-O d6 6. h3 a6 7. a3 b5 8. Ba2
Bb7 9. Re1 O-O 10. b4 h6 11. d4 Re8 12. d5 Nb8 13. Be3 Nh7 14. g3 Qd7 15. Kg2
f5 16. exf5 Qxf5 17. g4 Qf7 18. Rh1 Bf6 19. Bd2 Rf8 20. Ne4 Nd7 21. Be3 Be7 22.
c4 bxc4 23. Bxc4 Nhf6 24. Nc3 Nb6 25. Bb3 Nbxd5 26. Nxd5 Bxd5 27. Rb1 Bxb3 28.
Rxb3 Nd5 29. Rf1 Qe6 30. g5 Nf4+ 31. Bxf4 Rxf4 32. h4 Qg4+ 33. Kh1 c6 34. Rg1
Qh3+ 35. Nh2 Qxh4 36. gxh6 Qxh6 37. Rbg3 Bf8 38. R1g2 Ra7 39. Qb3+ d5 40. f3
Rh4 41. Kg1 Rb7 42. Qb2 Qe3+ 43. Rf2 Qe1+ 44. Kg2 Bc5 45. Rf1 Rxh2+ 46. Kxh2
Qxf1 47. Qg2 Qxg2+ 48. Kxg2 Be7 49. Rh3 Bf6 50. Kf1 d4 51. Ke2 Kf7 52. Kd3 Ke6
53. Rh8 Kd5 54. Ra8 Rb6 0-1